Normal view
MARC view
- Eugene G. Pare
Entry Personal Name
001 - CONTROL NUMBER
- control field: 100327
003 - CONTROL NUMBER IDENTIFIER
- control field: NUST
005 - DATE AND TIME OF LATEST TRANSACTION
- control field: 20221014123026.0
008 - FIXED-LENGTH DATA ELEMENTS
- fixed length control field: 221014|| aca||aabn | a|a d
040 ## - CATALOGING SOURCE
- Original cataloging agency: NUST
- Transcribing agency: NUST
100 ## - HEADING--PERSONAL NAME
- Personal name: Eugene G. Pare
670 ## - SOURCE DATA FOUND
- Source citation: Work cat.: (NUST)183213: Pare Eugene G. 40614, Engineering Drawing /, 1959
